| 000 | 00000nam##2200000za#4500 |
| 001 | 9.680278 |
| 003 | CaOODSP |
| 005 | 20200401054109 |
| 007 | ta |
| 008 | 150407|1997||||xxc||||| f|0| 0 fre|d |
| 020 | |a0-662-82470-9 |
| 040 | |aCaOODSP|bfre |
| 043 | |an-cn--- |
| 086 | 1 |aFs1-61/4-1997F |
| 110 | 1 |aCanada.|bMinistère des pêches et des océans.|bConseil pour la conservation des ressources halieutiques. |
| 245 | 10|aImpératifs de conservation des stocks de poisson de fond du golfe du Saint-Laurent et des stocks de morue de 2GH, 2J3KL, 3Ps, 4VsW et de la plie grise de 3Ps : |brapport au ministre des Pêches et des Océans |
| 260 | |aOttawa - Ontario : |bPêches et Océans Canada. |c1997. |
| 300 | |a77p. : |bfigures, graphiques ; |c28 cm. |
| 500 | |a«Le présent rapport fait partie d'une série de comptes rendus préparés par le Conseil pour la conservation des ressources halieutiques (CCRH) dans le but de conseiller le ministre des Pêches et des Océans au sujet des besoins de conservation des stocks de poisson de fond de l'Atlantique et de l'est de l'Arctique pour 1998. Le présent rapport porte sur tous les stocks de poisson de fond du golfe du Saint-Laurent, les stocks de morue de 2GH, 2J3KL, 3Ps. et 4VsW, et la plie grise de 3Ps.»--Page 5. |
| 520 | 3 |aLe présent rapport fait partie d'une série de comptes rendus préparés par le Conseil pour la conservation des ressources halieutiques (CCRH) dans le but de conseiller le ministre des Pêches et des Océans au sujet des besoins de conservation des stocks de poisson de fond de l'Atlantique et de l'est de l'Arctique pour 1998. Le présent rapport porte sur tous les stocks de poisson de fond du golfe du Saint-Laurent, les stocks de morue de 2GH, 2J3KL, 3Ps. et 4VsW, et la plie grise de 3Ps.--Page 5 |
| 563 | |aCouverture souple |
| 590 | |a98-28|b1998-07-10 |
| 775 | 08|t1998 conservation requirements for the Gulf of St. Lawrence groundfish stocks and cod stocks in divisions 2GH, 2J3KL, 3Ps, 4VsW and witch flounder in division 3Ps |w(CaOODSP)9.646764 |
| 776 | 0#|tImpératifs de conservation des stocks de poisson de fond du golfe du Saint-Laurent et des stocks de morue de 2GH, 2J3KL, 3Ps, 4VsW et de la plie grise de 3Ps : |w(CaOODSP)9.640970 |
| 986 | |aCCHR.98.R.1 |